|
|
|
|
| LEADER |
02284cam a2200613 i 4500 |
| 001 |
nkc20253692283 |
| 003 |
CZ PrNK |
| 005 |
20250827141508.0 |
| 007 |
ta |
| 008 |
250624s2025 xr abcee 000 0dcze d |
| 015 |
|
|
|a cnb003692283
|
| 020 |
|
|
|a 978-80-7640-062-7
|q (vázáno)
|
| 035 |
|
|
|a (OCoLC)1535679795
|
| 040 |
|
|
|a HKA001
|b cze
|d CBA001
|d OLA001
|e rda
|
| 043 |
|
|
|a e-cs---
|a e-xr---
|b e-xr-cc
|2 czenas
|
| 045 |
|
|
|a x4x8
|
| 072 |
|
7 |
|a 355/359
|x Vojenství. Obrana země. Ozbrojené síly
|2 Konspekt
|9 15
|
| 080 |
|
|
|a 351.746.1
|2 MRF
|
| 080 |
|
|
|a 355.457
|2 MRF
|
| 080 |
|
|
|a 94(437.31-13)
|2 MRF
|
| 080 |
|
|
|a (437)
|2 MRF
|
| 080 |
|
|
|a (437.31-13)
|2 MRF
|
| 080 |
|
|
|a (048.8)
|2 MRF
|
| 080 |
|
|
|a (0:82-94)
|2 MRF
|
| 080 |
|
|
|a (084.11)
|2 MRF
|
| 100 |
1 |
|
|a Šmída, Zdeněk,
|d 1984-
|7 mzk2016927812
|4 aut
|
| 245 |
1 |
0 |
|a Pohraniční stráž na Šumavě /
|c Zdeněk Šmída
|
| 250 |
|
|
|a Vydání první
|
| 264 |
|
1 |
|a Plzeň :
|b Starý most,
|c 2025
|
| 300 |
|
|
|a 223 stran :
|b ilustrace (některé barevné), mapy, portréty, plány, faksimile, ;
|c 24 cm
|
| 336 |
|
|
|a text
|b txt
|2 rdacontent
|
| 337 |
|
|
|a bez média
|b n
|2 rdamedia
|
| 338 |
|
|
|a svazek
|b nc
|2 rdacarrier
|
| 504 |
|
|
|a Obsahuje bibliografii
|
| 610 |
1 |
7 |
|a Československo.
|b Pohraniční stráž
|7 ko2004260365
|2 czenas
|
| 648 |
|
7 |
|a 1945-1989
|7 ch460657
|2 czenas
|
| 650 |
0 |
7 |
|a pohraniční policie
|7 ph164197
|z Československo
|y 1945-1989
|2 czenas
|
| 650 |
0 |
7 |
|a ochrana státní hranice
|7 ph139179
|z Československo
|y 1945-1989
|2 czenas
|
| 650 |
0 |
9 |
|a border patrols
|z Czechoslovakia
|y 1945-1989
|2 eczenas
|
| 650 |
0 |
9 |
|a defence of state boundary
|z Czechoslovakia
|y 1945-1989
|2 eczenas
|
| 651 |
|
7 |
|a Šumava (pohoří : oblast)
|7 ge128618
|x dějiny
|y 1945-1989
|2 czenas
|
| 651 |
|
9 |
|a Šumava Mountains Region
|x history
|y 1945-1989
|2 eczenas
|
| 655 |
|
7 |
|a přehledy
|7 fd133202
|2 czenas
|
| 655 |
|
7 |
|a vzpomínky
|7 fd133830
|2 czenas
|
| 655 |
|
7 |
|a obrazové publikace
|7 fd132947
|2 czenas
|
| 655 |
|
9 |
|a surveys
|2 eczenas
|
| 655 |
|
9 |
|a reminiscences
|2 eczenas
|
| 655 |
|
9 |
|a pictorial works
|2 eczenas
|
| 910 |
2 |
|
|a BOA001
|b 2-1548.284
|
| 920 |
|
|
|a 1373184
|z CBA001
|
| 990 |
|
|
|a BK
|
| 995 |
|
|
|a 01
|
| 991 |
|
|
|b 202508
|c NOV
|
| 996 |
6 |
|
|b 2611010214
|c 2-1548.284
|l MZK
|r Sklad / do 1 hodiny
|n 2
|p p.v.
|w 002013827
|u 000010
|a 1
|e BOA001
|j MZK50
|s P
|